00314nam a2200097Ia 4500008004100000020002200041082001800063100004600081245008100127300000800208210430s9999 xx 000 0 und d a978-969-9532-04-7 a310.72 S5256B aDr. Safdar Ali Shah & Syed Javaid A. Kazi 4aThe Buddhist heritage of PakistancDr. Safdar Ali Shah & Syed Javaid A. Kazi a130